Catálogo

Vista normal Vista MARC

Entrada Personal Name

Número de registros utilizados en: 1

001 - CONTROL NUMBER

  • control field: 13025

003 - CONTROL NUMBER IDENTIFIER

  • control field: DLC

005 - DATE AND TIME OF LATEST TRANSACTION

  • control field: 20220725190556.0

008 - FIXED-LENGTH DATA ELEMENTS

  • fixed length control field: 960507n| acannaabn |a aaa c

010 ## - LIBRARY OF CONGRESS CONTROL NUMBER

  • LC control number: no 96023575

035 ## - SYSTEM CONTROL NUMBER

  • System control number: (OCoLC)oca04072845

040 ## - CATALOGING SOURCE

  • Original cataloging agency: PPiU
  • Language of cataloging: spa
  • Transcribing agency: Mx-PuUPA
  • Modifying agency: OCoLC
  • Modifying agency: Mx-PuUPA
  • Description conventions: rda

046 ## - SPECIAL CODED DATES

  • Birth date: 1942

100 1# - HEADING--PERSONAL NAME

  • Personal name: Escobar Valenzuela, Gustavo,
  • Dates associated with a name: 1942-

374 ## - OCCUPATION

  • Occupation: Autor

375 ## - GENDER

  • Gender: hombre

377 ## - ASSOCIATED LANGUAGE

  • Language code: spa

400 1# - SEE FROM TRACING--PERSONAL NAME

  • Personal name: Valenzuela, Gustavo Escobar,
  • Dates associated with a name: 1942-

400 1# - SEE FROM TRACING--PERSONAL NAME

  • Personal name: Escobar, Gustavo,
  • Dates associated with a name: 1942-

400 1# - SEE FROM TRACING--PERSONAL NAME

  • Personal name: Escobar Valenzuela, G. A.
  • Fuller form of name: (Gustavo Alberto),
  • Dates associated with a name: 1942-

670 ## - SOURCE DATA FOUND

  • Source citation: Introducción al pensamiento filosófico en México, 1992:
  • Information found: t.p. (Gustavo Escobar Valenzuela) p.2 cover (b. 1942 in Mexico City)

670 ## - SOURCE DATA FOUND

  • Source citation: LC in OCLC, 4/30/96
  • Information found: (hdg.: Escobar Valenzuela, Gustavo Alberto; usage: G. A. Escobar Valenzuela)

670 ## - SOURCE DATA FOUND

  • Source citation: OCLC, 4/30/96
  • Information found: (hdg.: Escobar Valenzuela, Gustavo Alberto; usage: Gustavo Escobar Valenzuela)